Loreto College Library, Kolkata
WEBOPAC (ONLINE PUBLIC ACCESS CATALOGUE)

Christmas origami-4 (Record no. 34136)

MARC details
000 -LEADER
fixed length control field 00413nam a2200157Ia 4500
008 - FIXED-LENGTH DATA ELEMENTS--GENERAL INFORMATION
fixed length control field 131103s9999 xx 000 0 und d
040 ## - CATALOGING SOURCE
Original cataloging agency Loreto College
041 ## - LANGUAGE CODE
Language code English
082 ## - DDC | ডিউই
Classification number | বর্গসংখ্যা 745/MAK
Book Number | গ্রন্থাঙ্ক LCBED/8525
245 ## - TITLE STATEMENT | অাখ্যা বিবরণী
Title | অাখ্যা Christmas origami-4
Sub title | উপঅাখ্যা wreaths and displays
Statement of responsibility | লেখকের দায়িত্বের বিবরণ 1985
260 ## - IMPRINT | প্রকাশনা ক্ষেত্র
Place of publication | প্রকাশ স্থান Tokyo
Name of publisher | প্রকাশকের নাম froebel-kan
Date of publication | প্রকাশ কাল 1985
300 ## - PHYSICAL DESCRIPTION |
Page / Vol. No | পৃষ্ঠা / খন্ড সংখ্যা 13p.
Other physical details | অনান্য বাহ্যিক বিবরণ pic.
650 ## - SUBJECT ADDED ENTRY--TOPICAL TERM | বিষয় শিরোনাম - মূল বিষয়
Topical term | মূল বিষয় Carft
850 ## - HOLDING INSTITUTION
Holding institution LCBED/745/MAK
942 ## - ADDED ENTRY ELEMENTS (KOHA)
Koha item type Books
Holdings
Withdrawn status Lost status Damaged status Not for loan Home library Current library Date acquired Total Checkouts Full call number Accession No. Date last seen Price effective from Koha item type
        Loreto College Loreto College 04/11/2013   745/MAK LCBED/8525 B36994 04/11/2013 04/11/2013 Books